000
00290nam a22001097a 4500
008
160629b xxu||||| |||| 00| 0 eng d
100
_9
1308
_a
Murti, R.K
245
_a
Effective English Writing
260
_a
NEW DELHI
_b
STERLING
_c
1999
300
_a
Effective English Writing
942
_2
ddc
_c
BK
999
_c
1071
_d
1071